Blender 3D Basics (Record no. 356819)

MARC details
000 -LEADER
fixed length control field 00308 a2200133 4500
005 - DATE AND TIME OF LATEST TRANSACTION
control field 20240903145230.0
008 - FIXED-LENGTH DATA ELEMENTS--GENERAL INFORMATION
fixed length control field 240209b |||||||| |||| 00| 0 eng d
020 ## - INTERNATIONAL STANDARD BOOK NUMBER
International Standard Book Number 9781783984909
100 ## - MAIN ENTRY--PERSONAL NAME
Author Fisher G.
245 ## - TITLE STATEMENT
Title Blender 3D Basics
250 ## - EDITION STATEMENT
Edition statement 2nd ed.
260 ## - PUBLICATION, DISTRIBUTION, ETC.
Name of publisher, distributor, etc. Packt
Date of publication, distribution, etc. 2014
942 ## - ADDED ENTRY ELEMENTS (KOHA)
Koha item type Books
Holdings
Withdrawn status Lost status Source of classification or shelving scheme Damaged status Not for loan Home library Current library Date acquired Vendor Net Price Total Checkouts Full call number Barcode Date last seen Date last checked out Actual Price Bill Date Koha item type
    Dewey Decimal Classification     Cummins College of Engineering for Women Pune Cummins College of Engineering for Women Pune 01/01/2024 40 2889.00 1 006.693 FIS CCEP-BK-65853 16/01/2024 03/01/2024 2889.00 01/01/2024 Books